Guess The 80s Film from Only 3 Main Characters - Statistics

General Stats
  • This quiz has been taken 36 times
  • The average score is 13 of 24
Answer Stats
Hint Answer % Correct
Michael J. Fox, Christopher Lloyd, Crispin Glover Back To The Future
91%
Bill Murray, Dan Aykroyd, Sigourney Weaver Ghostbusters
88%
Jack Nicholson, Shelly Duvall, Danny Lloyd The Shining
81%
Michael Keaton, Jack Nicholson, Kim Basinger Batman
78%
Henry Thomas, Drew Barrymore, Robert MacNaughton ET
78%
Mark Hamil, Harrison Ford, Billy Dee Williams The Empire Strikes Back
78%
Mark Hamil, Carrie Fisher, Anthony Daniels Return Of The Jedi
75%
Charlie Sheen, Willem Dafoe, Tom Berenger Platoon
72%
Harrison Ford, Sean Connery, Denholm Elliot Indiana Jones And The Last Crusade
69%
Bill Murray, Dan Aykroyd, Harold Ramis Ghostbusters 2
59%
Harrison Ford, Rutgar Hauer, Sean Young Blade Runner
56%
Al Pacino, Steven Bauer, Michelle Pfeiffer Scarface
56%
Michael J. Fox, Christopher Lloyd, Lea Thompson Back To The Future Part 2
53%
Bob Hoskins, Christopher Lloyd, Joanna Cassidy Who Framed Roger Rabbit
53%
Daniel Day-Lewis, Brenda Fricker, Alison Whelan My Left Foot
50%
Robert De Niro, Cathy Moriarty, Joe Pesci Raging Bull
50%
F. Murray Abraham, Tom Hulce, Elizabeth Berridge Amadeus
47%
Judge Reinhold, Sean Penn, Jennifer Jason Leigh Fast Times at Ridgemont High
47%
Matthew Modine, Adam Baldwin, Vincent D'Onofrio Full Metal Jacket
41%
Ben Cross, Ian Charleson, Cheryl Campbell Chariots Of Fire
34%
Robert De Niro, James Woods, Elizabeth McGovern Once Upon A Time In America
28%
Robert De Niro, Jerry Lewis, Diahnne Abbott The King of Comedy
25%
Bob Geldof, Christine Hargreaves, James Laurenson The Wall
19%
Craig T. Nelson, JoBeth Williams, Beatrice Straight Poltergiest
16%
No matching quizzes found
Score Distribution
Percent of People with Each Score
Percentile by Number Answered
Your Score History
You have not taken this quiz